00941nab a2200253 uc450000100070000000500170000700800410002403500110006503500210007604000130009704100080011010000530011824500790017165000250025065000330027565000210030865000280032965000290035770000510038670000380043777301830047594200100065899900190066856082320240818090533.0991030e19980301 spa  a560823 a(OCoLC)819817050 ccomduadb aspa10aSalinas Carmona, Mario César4auteaut949895913aLa inmunogenicidad de antigenos de Nocardia brasiliensis en ratones BALB/c aActinomycetes962459 aNocardia brasiliensis937090 aAntigenos928364 aInmunogenética918578 7aAnticuerpos2decs94911410aMartinez Davila, Irma Alicia4auteaut930253810aWelsh, Oliverio4auteaut93025390 tCiencia UANL : Revista de Difusión Científica y Tecnológica de la Universidad Autonoma de Nuevo León (México)gVol. 01, No. 01, Ene.-Mar. 1998, p. 30-33w5545730130690 cARIMP c130927d130927